| 000 | 01940nam1a2200301 i 4500 | ||
|---|---|---|---|
| 001 | RU\NLR\bibl\816011 | ||
| 005 | 20260407103614.0 | ||
| 035 | _a(NLR Aleph) 000805036 | ||
| 090 |
_a1205303 _c1205303 |
||
| 100 | _a20050706g20049999k y0rusy50 ca | ||
| 101 | 0 | _arus | |
| 102 | _aRU | ||
| 105 | _a||||z ||||| | ||
| 200 | 1 |
_aНаучная сессия профессорско-преподавательского состава, научных сотрудников и аспирантов по итогам НИР за 2003 год, март - апрель 2004 года _eсборник лучших докладов _f[редкол.: пред. д. экон. н., проф. С.Г. Ковалев и др.] |
|
| 210 |
_aСанкт-Петербург _cИзд-во СПбГУЭФ _d2004 |
||
| 215 | _d20 | ||
| 300 | _aВ надзаг.: М-во образования и науки Рос. Федерации, Гос. образоват. учреждение высш. проф. образования "Санкт-Петерб. гос. ун-т экономики и финансов" | ||
| 463 | 0 | _1001604122 | |
| 606 |
_aЭкономика _jСъезды, совещания и т.п. _91414491 _3RU\NLR\auth\66284709 |
||
| 686 | _aУ.я431 | ||
| 702 | 1 |
_4340 _8rus _7ca _aКовалев _bС. Г. _cд-р экон. наук _gСергей Георгиевич _3RU\NLR\auth\7724326 _97377 |
|
| 710 | 0 | 2 |
_4070 _aСанкт-Петербургский государственный университет экономики и финансов _bНаучная сессия профессорско-преподавательского состава, научных сотрудников и аспирантов по итогам НИР 2003 года _f2004 _3RU\NLR\AUTH\8810058847 _9619003 |
| 801 | 0 |
_aRU _bNLR _c20050706 _grcr |
|
| 801 | 1 |
_aRU _bNLR _c20050706 |
|
| 852 |
_aNLR _j2005-3/1896 |
||
| 942 | _cBOOK | ||